000 01477nam0a2200337 i 4500
001 RU\NLR\BIBL_A\010360479
005 20260406020017.0
010 _a9785965602230
_9100
021 _aRU
_b2014-21635
_91345
035 _a(NILC)RuMoRGB-006770109
035 _a(NLR Aleph) 010360479
090 _a10777568
_c10777568
100 _a20140523d2013 u y0rusy50 ca
101 0 _arus
102 _aRU
105 _aa|||z||||00yy
200 1 _aРиск-профиль сложных организационно-экономических структур
_fЕ. А. Кузьмин
_gМ-во образования и науки Российской Федерации, Уральский гос. экономический ун-т
210 _aЕкатеринбург
_cУральский гос. экономический ун-т
_d2013
215 _a78 с.
_cил., табл.
_d20
320 _aБиблиогр. в конце гл.
606 1 _aИнвестиционная деятельность
_xПринятие решений
_92343634
_3RU\NLR\AUTH\661400685
610 0 _aриск-профиль проекта
675 _a330.131.7
686 1 _aУ9(2)-56
700 1 _8rus
_7ca
_aКузьмин
_bЕ. А.
_cэкономист
_gЕвгений Анатольевич
_3RU\NLR\AUTH\77121487
_9104412
801 0 _aRU
_bRuMoRKP
_c20140324
_gRCR
801 2 _aRU
_bРГБ
_c20140414
_grcr
942 _cBOOK
980 _aNBR